000 01640cam a22004814i 4500
003 PE-LiUPU
005 20250731173523.0
008 150616s r 000 0 d
020 _a0801052432
035 _a(Sirsi) i9780801052439
040 _aPE-LiUPU
_bspa
_cPE-LiUPU
_erda
049 _aPRUA
082 0 4 _a220.6
_bL98
_221
100 1 _aLuter, Boyd,
_eautor.
245 1 0 _aDisciplined Living /
_cBoyd Luter.
264 1 _aMichigan :
_bBaker Books,
_c1996.
300 _a213 páginas ;
_c23 centímetros
336 _atext
_2rdacontent
337 _aunmediated
_2rdamedia
338 _avolume
_2rdacarrier
504 _aIncluye bibliografía.
505 0 _aDiscipleship or Denial?.- The reality of suffering and recovery.- Calling all outcasts and sinners!.- That you may believe ..- Building on recovery and discipleship
526 _aSEG42
526 _aSEG41
526 _aSEG40
526 _aSEG39
526 _aP94
526 _aP87
526 _aP86
526 _aP85
526 _aP77
526 _aP76
526 _aP35
630 _aBiblia.
_pN.T.
_xCrítica, interpretación, etc.
700 1 _aMcReynolds, Kathy.
910 _ajck
_bjvq
_cjck
942 _2ddc
_cBOOK
949 _a220.6 L98
_wDEWEY
_c1
_i42118
_lCCODEBUL1
_mBUL
_r0
_sY
_tBOOK
_u2015-6-16
_xTEOLOGIA
_zUNKNOWN
_0COMPRA
_o.STAFF. Colección General
994 _aC0
_bPEPRU
596 _a1
999 _a220.6 L98
_wDEWEY
_c59810
_i42118
_f2021-11-9
_g5
_lCCODEBUL1
_mBUL
_r0
_sY
_tBOOK
_u2015-6-16
_xTEOLOGIA
_zUNKNOWN
_0COMPRA
_o.STAFF. Colección General
_d59810
980 _81
_gALBERTO SANCHEZ Responsable de Automatización